000
00220 a2200097 4500
001
47885
100
_a
Fejto F
245
_a
Behind The Rape of Hungary
260
_a
New York
_b
David McKay Co.
_c
090
_c
30880
_d
30880
942
_a
NUST-CAE
_c
M
_c
23203
999
_c
282958
_d
282958